Matematika 3 pre tretí ročník základných škôl. 2. diel /
Uložené v:
| Hlavní autori: | , |
|---|---|
| Ďalší autori: | |
| Médium: | Kniha |
| Jazyk: | Slovak |
| Vydané: |
Bratislava :
Orbis Pictus Istropolitana,
2012.
|
| Vydanie: | 1. vyd. |
| Témy: | |
| ISBN: |
9788081201707 (brož.) |
| Fyzický popis: |
64 s. : il. ; 30 cm. |
| Tagy: |
Pridať tag
bero
1
|
Titul je dostupný aj v ... 

MARC
| LEADER | 00000nam a2200000 a 4500 | ||
|---|---|---|---|
| 001 | 000409727 | ||
| 005 | 20140917131043.0 | ||
| 008 | 121106s2012 xo a b p 000 0 slo d | ||
| 020 | |a 9788081201707 (brož.) | ||
| 040 | |a SVKKK |b slo |c SVKKK |e AACR2 | ||
| 041 | 0 | |a slo | |
| 044 | |a xo |c SK | ||
| 072 | 7 | |a 51 |x Matematika |2 konspekt | |
| 072 | 7 | |a 37.016 |x Učebné osnovy. Vyučovacie predmety. Učebnice |2 konspekt | |
| 080 | |a 51 |2 2001 | ||
| 080 | |a (075.2) |2 2001 | ||
| 080 | |a (076.1) |2 2001 | ||
| 100 | 1 | |a Bero, Peter | |
| 245 | 1 | 0 | |a Matematika 3 pre tretí ročník základných škôl. |n 2. diel / |c Peter Bero, Zuzana Berová ; [ilustrácie Juraj Martiška]. |
| 246 | 3 | 4 | |a Matematika 3 |
| 250 | |a 1. vyd. | ||
| 260 | |a Bratislava : |b Orbis Pictus Istropolitana, |c 2012. | ||
| 300 | |a 64 s. : |b il. ; |c 30 cm. | ||
| 500 | |a Údaj o il. prevzatý z rubu obalu | ||
| 650 | 0 | 7 | |a matematika |2 SVKKKPH |
| 655 | 7 | |a učebnice základných škôl |2 SVKKKPH | |
| 655 | 7 | |a pracovné zošity |2 SVKKKPH | |
| 700 | 1 | |a Berová, Zuzana |4 aut | |
| 700 | 1 | |a Martiška, Juraj, |d 1969- |4 ill | |
| 910 | |a svkkk | ||
| 919 | |a 978-80-8120-170-7 | ||
| 998 | |a BK | ||
| 090 | |g SCKHL |k Sklad Hlavná 10 prízemie |a V.228898 |j 1041447 |i 2720272134 |s Absenčne | ||
| 090 | |g SCKHL |k Sklad Hlavná 10 prízemie |a V.232193 |j 1057199 |i 2720297720 |s Absenčne | ||